Nâng cao học lực bằng phương pháp tối giản
Hướng dẫn cha mẹ cách giáo dục con khả năng tự suy nghĩ, tự vận dụng, tự giải quyết vấn đề trong mọi tình huống trong cuộc sống bằng "phương pháp tối giản" , từ đó trẻ có thể dần dần hình thành tư duy "tối giản" nâng c...
Shranjeno v:
| Glavni avtor: | |
|---|---|
| Format: | Knjiga |
| Jezik: | Undetermined |
| Izdano: |
H.
Thế giới
2016
|
| Teme: | |
| Online dostop: | http://lrc.tdmu.edu.vn/opac/search/detail.asp?aID=2&ID=33264 |
| Oznake: |
Označite
Brez oznak, prvi označite!
|
| Thư viện lưu trữ: | Trung tâm Học liệu Trường Đại học Thủ Dầu Một |
|---|
| LEADER | 01071nam a2200205Ia 4500 | ||
|---|---|---|---|
| 001 | TDMU_33264 | ||
| 008 | 210410s9999 xx 000 0 und d | ||
| 082 | |a 336.2 | ||
| 090 | |b Y600 | ||
| 100 | |a Yamashita, Hideko | ||
| 245 | 0 | |a Nâng cao học lực bằng phương pháp tối giản | |
| 245 | 0 | |c Hideko Yamashita | |
| 260 | |a H. | ||
| 260 | |b Thế giới | ||
| 260 | |c 2016 | ||
| 300 | |a 191 tr. | ||
| 520 | |a Hướng dẫn cha mẹ cách giáo dục con khả năng tự suy nghĩ, tự vận dụng, tự giải quyết vấn đề trong mọi tình huống trong cuộc sống bằng "phương pháp tối giản" , từ đó trẻ có thể dần dần hình thành tư duy "tối giản" nâng cao năng lực học tập cho bản thân | ||
| 650 | |a Phương pháp học tập |x Tối giản; Dạy con |x Giáo dục gia đình | ||
| 856 | |u http://lrc.tdmu.edu.vn/opac/search/detail.asp?aID=2&ID=33264 | ||
| 980 | |a Trung tâm Học liệu Trường Đại học Thủ Dầu Một | ||